LEADER 01050nam a2200217 i 4500 001 000000221113 003 CaOOAMICUS 005 20130618000000.0 008 130618s1742 it u000 u lat u 013 $a200010 026 $alici d.re t&t. hb&l (3) 1742 (R) 040 $aSeMil$bita 245 10$aTomus 4. 300 $a[12], 235, [1] p. 500 $aSegn. : a6 A-O8 P6. 773 0 $aReiffenstuel, Anaklet, <1642?-1703>$tJus canonicum universum clara methodo iuxta titulos quinque librorum decretalium in quaestiones distributum, solidisque responsionibus, & objectionum solutionibus dilucidatum. cui in hac novissima editione accessit tomus sextus complectens Tractatum de regulis iuris. Authore r.p.f. Anacleto Reiffenstuel ... Tomus 1. [-6.].$dMaceratae ; sed prostant Venetiis : apud Antonium Bortoli, 1742.$g4$w()9356 850 $aSeMil 852 $aSeMil$W1$xVenegono$y1$m2J VI 24 FA$j171464$B171464$CSeMilBibl$Z2$F181867 $8I 941 1 $a10 961 $aRecupero: Mantegazza 996 $6245$aTomus 4$9(OLS)http://semarc/title/151236 LEADER 01137nam a2200265 i 4500 001 000000128060 003 CaOOAMICUS 005 20040714000000.0 008 040714s1965 it u000 u ita u 013 $a100777 040 $aSeMil$bita 100 1 $aNeville da Costa, Edward.$0(OLS)http://semarc/name/40160 240 10$aSir Isaac Newton.$0(OLS)http://semarc/title/189178 245 10$aIsaac Newton :$bLa vita e l'opera /$cE. N. da Costa Andrade. 260 $aBologna :$bZanichelli,$ccopyr. 1965. 300 $a111 p. :$bill., ;$c19 cm. 490 0 $aBiblioteca di Monografie Scientifiche ;$v15 500 $aContiene : Tavola cronologica. 600 14$aNewton, Isaac <1643-1727>.$0(OLS)http://semarc/subject/6492 830 0$aBiblioteca di monografie scientifiche ;$v15.$0(OLS)http://semarc/title/21034 850 $aSeMil 852 $aSeMil$W1$xVenegono$y1$m136 12 15 *$j82294$B82294$CSeMilBibl$Z2$F84578 $81 961 $aRecupero: Biblioteca Seminario Liceale 996 $6245$aIsaac Newton :$bLa vita e l'opera$9(OLS)http://semarc/title/189177 996 $6260$aBologna :$bZanichelli$9(OLS)http://semarc/publisher/29934